000 00387nam a2200157Ia 4500
100 _aDewey/Melvil
650 _aLibray and information Science
490 _v01-Mar
942 _cBK
654 _aclassification
245 _aDewey decimal classification and relative index
260 _bForest press
_aNew York
_c1989
082 _a25.431
_bPAN
300 _a961
546 _aENGLISH
999 _c32356
_d32356